Every call of duty zombies map from description - Statistics

General Stats
  • This quiz has been taken 599 times
  • The average score is 20 of 25
Answer Stats
description map % Correct
What other map can feature four men of real life politics running around an American landmark whilst fighting off zombies Five
94%
Who else fancies a trip to the theatre of the dead? Kino der toten
93%
First ever map, most nostalgic of any map Nacht der untoten
92%
Map set in alcatraz prison, pop goes the weasle Mob of the dead
90%
Only map set in space, ends with earth being blown up Moon
89%
Set on the streets of morg city, HEYYYYYY YOUUU Shadows of evil
89%
Map set on the battlegrounds of WW1, features the best zombies crew out of all zombies and giant robots too Origins
88%
A map set in a swamp, where the starting room features a hanging body Shi no numa
88%
Considered as the scariest map of any black ops zombies game Verruckt
87%
Introduced the first ever celebrity zombies cast all taking place in Siberia Call of the dead
86%
Map which gave us bows, set in a medievil castle Der eisendrache
83%
Map set in an underground wild west town, gave us the paralyzer and leroy Buried
82%
Map set in a temple, gave us the baby gun also known as the shrink ray Shangri la
82%
Map set in the war torn city of stalingrad, you get to fight dragons in this map Gorod krovi
81%
A culmination of every map past all together in one map Revelations
81%
Map to first introduce things such as pack-a-punch and teleporters, was remastered three times Der riese
80%
The definition of fall damge centers around this map Die rise
80%
Probably the worst ever map treyarch have made when it comes to zombies Tranzit
78%
This map is considered by many as the easiest map to play, gave us space monkeys and the matryoshka dolls Ascension
76%
Map set in a roman colosseum, features zombie tigers instead of dogs IX
74%
Retro arcade bonus zombies expirience Dead ops arcade
71%
This map gave us random perk drops meaning you could get juggernog at round 5 or round 25 Nuketown
70%
Map set on the titanic, ends with everyone becoming normal again Voyage of despair
66%
Werewolves, vampires and zombies all in a single map, set in a masion with an all star cast Dead of the night
54%
The most 'terrifying zombies expirience yet', or at least that's what treyarch wanted us to believe Zetsu bo no shima
13%
No matching quizzes found
Score Distribution
Percent of People with Each Score
Percentile by Number Answered
Your Score History
You have not taken this quiz